LOTR: Galadriel - Statistics

General Stats
  • This quiz has been taken 55 times
  • The average score is 15 of 31
Answer Stats
Answer % Correct
her husband Celeborn
93%
When Sauron dwelled with Celebrimbor in his disguise of "Annatar", Galadriel was not deceived. Galadriel and her daughter eventually left through Khazad-dûm to the woods of King Amroth. Where did she go? Lórinand
80%
her three brothers Finrod Felagund
73%
When Sauron's treachery was discoverd by Celebrimbor, he offered her one of the Three elven Rings of power. Which ring did he offer Galadriel? Nenya
68%
What did Fëanor ask of her three times? But Galadriel always refused. a tress of her hair
66%
Who did she grant this gift to, thousands of years later. Gimli
66%
her daughter Celebrían
63%
her father Finarfin
63%
Complete Galadriel's words when she faces her test (as depicted in Peter Jackson's trilogy, not the books) In place of a Dark Lord, you would have a {queen}!
61%
At some point in the First Age she passed over the mountains with her husband to Eriador. Which mountains did she cross? Ered Luin
59%
After the terrible crossing of Helcaraxë, she arrived in Middle-Earth from Valinor. in what land did she live and eventually found love. Doriath
51%
Afterwards they moved to a land near the dwarf stronghold Khazad-dûm, where Celebrimbor was lord. What land was this? Eregion
51%
There she had a basin filled with water in which one could see visions of the past, present and future. What was this basin called? The Mirror of Galadriel
49%
All shall love me, and {despair}!
46%
In the Second Age they first lived in the land of the last High King of the Noldor, Gil-Galad. What land did he rule? Lindon
46%
Aegnor
44%
and go into the {West},
44%
Angrod
44%
The actress who portrayed Galadriel in Peter Jackson's trilogy. Cate Blanchett
44%
Who was her tutor in this land, from whom she learned much of the wisdom of Middle-earth. Melian
44%
and remain {Galadriel}.
41%
Where was Galadriel born? Eldamar
39%
Treacherous as the {sea}!
39%
In the Third Age Galadriel and her husband travelled extensively around Middle-Earth, from Rivendell to Gondor and Mirkwood. Eventually they settled in the land of King Amroth, who went missing without an heir. What city in the golden wood did they settle in? Caras Galadhon
37%
After the War of the Ring Galadriel departed Middle-Earth on a White Ship to Valinor together with Elrond, Gandalf, Frodo and Bilbo. From which port city did they set sail? Grey Havens
37%
her mother Eärwen
34%
Not dark, but beautiful and terrible as the {dawn}!
34%
Stronger than the {foundations} of the earth!
34%
I have passed the test. I will {diminish},
32%
When the Fellowship departed, she gave Frodo a small crystal phial. "May it be a light to you in dark places, when all other lights go out."What was contained within? The light of the Star of Eärendil
32%
When the fellowship came to her, she faced her final test, which she passed. therefor she was now finally allowed to return over the Sea to the West. What test did she face? To reject the temptation of the One ring
32%
No matching quizzes found
Score Distribution
Percent of People with Each Score
Percentile by Number Answered
Your Score History
You have not taken this quiz